Chironomidae [Diptera] of Japan

This volume is a comprehensive summary of available information and research on the chironomid midges of Japan and East Asia: their taxonomy, biology distribution, ecology, and relation to human life.

Sparad:
Bibliografiska uppgifter
Huvudupphovsman: Sasa, Manabu
Materialtyp: Bok
Språk:Undetermined
Publicerad: [Tokyo] University of Tokyo Press 1995
Ämnen:
Taggar: Lägg till en tagg
Inga taggar, Lägg till första taggen!
Thư viện lưu trữ: Trung tâm Học liệu Trường Đại học Cần Thơ
LEADER 00804nam a2200217Ia 4500
001 CTU_138476
008 210402s9999 xx 000 0 und d
082 |a 595.772 
082 |b S252 
100 |a Sasa, Manabu 
245 0 |a Chironomidae [Diptera] of Japan 
245 0 |c Manabu Sasa, Mihoko Kikuchi 
260 |a [Tokyo] 
260 |b University of Tokyo Press 
260 |c 1995 
520 |a This volume is a comprehensive summary of available information and research on the chironomid midges of Japan and East Asia: their taxonomy, biology distribution, ecology, and relation to human life. 
650 |a Chironomidae,Chironomidae 
650 |x Identification,Classification 
650 |z Japan,Japan 
904 |i Trọng Hiếu 
980 |a Trung tâm Học liệu Trường Đại học Cần Thơ